LEADER 01213nam a2200301 u 4500 001 000000060497 003 CaOOAMICUS 005 20070226120923.0 008 010724s1982 gw u000 u ger u 020 $a3451020939 035 $a10898409 040 $aPUL(R)$bita 245 00$aMission im Neuen Testament /$cNorbert Brox ... [et al.] ; herausgegeben von Karl Kertelge. 260 $aFreiburg :$bHerder,$c1982. 300 $a240 p. ;$c23 cm 490 1 $aQuaestiones disputatae ;$v93 504 $aBibliografia in nota. 630 04$aBiblia.$pN.T.$0(OLS)http://pul/subject/1630 700 1 $aKertelge, Karl.$0(OLS)http://pul/name/9820 700 1 $aBrox, Norbert.$0(OLS)http://pul/name/10584 830 0$aQuaestiones disputatae (Herder) ;$v93.$0(OLS)http://pul/title/18243 850 $aPUL 852 $aPUL$W1$xSL Religione 2$y84$mTheol A6 93$j78884$nBK-PRI$b $qStampati altre collocazioni$B78884$CPULBib$Z2$F78884 $H $81 941 1 $a10 961 $aINV: 49922 996 $6020$a3451020939$9(OLS)http://pul/number/78014 996 $6245$aMission im Neuen Testament$9(OLS)http://pul/title/80859 996 $6260$aFreiburg :$bHerder$9(OLS)http://pul/publisher/48354 LEADER 01489nam a2200337 a 4500 001 000000142080 003 CaOOAMICUS 005 20150303141353.0 008 150303s2011 it u000 u ita r 020 $a978-88-6244-166-7 040 $aPUL$bita 082 04$a232 100 1 $aDal Covolo, Enrico,$cSDB, vescovo,$d1950-$0(OLS)http://pul/name/6077 245 13$aIl Gesù di papa Ratzinger :$bnon è ancora chiusa la "questione Gesù" /$cEnrico Dal Covolo, Michele Giulio Masciarelli. 260 $aTodi :$bTau Editrice,$c©2011. 300 $a50 p. ;$c17 cm 490 1 $aFedelmente. Spiritualità ;$v11 600 04$aBenedictus PP. XVI,$d1927-2022$xTeologia.$0(OLS)http://pul/subject/37588 650 4$aCristologia.$0(OLS)http://pul/subject/1402 700 1 $aMasciarelli, Michele Giulio.$0(OLS)http://pul/name/6689 830 0$aFedelmente.$pSpiritualità ;$v11.$0(OLS)http://pul/title/179852 850 $aPUL 852 $aPUL$W1$xDP2 Religione 3$y114$m232 DALEN 1$j164012$qDDC 21$B164084$CPULBib$Z2$F164084 $H120321 $82 941 1 $a9 960 $aIesus Christus$91402 960 $aIesus Christus$91402 996 $6020$a978-88-6244-166-7$9(OLS)http://pul/number/157115 996 $6082$a232$9(OLS)http://pul/classification/381 996 $6245$aIl Gesù di papa Ratzinger :$bnon è ancora chiusa la "questione Gesù"$9(OLS)http://pul/title/179851 996 $6260$aTodi :$bTau Editrice$9(OLS)http://pul/publisher/81367